000 00621nam a2200205Ii 4500
001 6838
003 CO-ViMGA
008 241108s9999||||xx |||||||||||||| ||und||
040 _aCO-ViMGA
_bspa
_erda
_cCO-ViMGA
041 0 _aunk
082 0 4 _aC864-B859l
100 1 _aManuel BriceƱo Jauregui
_949961
245 1 0 _aLisandro Alvarado :
_bHumanista venezolano
264 1 _a[Lugar de publicación no identificado] : Presencia, 1986
300 _avolumen
336 _atext
_btxt
_2rdacontent
337 _aunmediated
_bn
_2rdamedia
338 _avolume
_bnc
_2rdacarrier
940 _aidficha_siabuc: 6681. -- ficha_no_siabuc:6838
999 _c53837
_d53837